| 000 | 00000nam##2200000za#4500 |
| 001 | 9.590367 |
| 003 | CaOODSP |
| 005 | 20210624200106 |
| 007 | cr ||||||||||| |
| 008 | 150406|1978||||xxc|||||o f|0| 0 eng|d |
| 040 | |aCaOODSP|beng |
| 041 | |aeng |
| 041 | |afre |
| 043 | |an-cn--- |
| 086 | 1 |aS52-2/144-2-PDF |
| 110 | 1 |aCanada. |bPublic Works and Government Services Canada. |bTranslation Bureau. |
| 245 | 10|aAlphabetical list of federal acts |h[electronic resource] |
| 250 | |a2nd ed. |
| 260 | |aOttawa - Ontario : |bPublic Works and Government Services Canada. |c1978. |
| 300 | |a84p. |
| 490 | 1 |aTerminology bulletin |vNo. 144-2 |
| 500 | |aDigitized edition from print. [Produced by Publishing and Depository Services, 2014.] On t.p.: Translation Bureau. Terminology and Documentation Directorate. |
| 590 | |a14-22-Supp|b2014-12-24 |
| 792 | |tRépertoire alphabétique codifié des lois fédérales |efre|w(CaOODSP)9.590368 |
| 830 | #0|aTerminology bulletin ;|vNo. 144-2|w(CaOODSP)9.500139 |
| 856 | 40|ahttp://publications.gc.ca|qPDF|s1035 KB|uhttps://publications.gc.ca/collections/collection_2014/tpsgc-pwgsc/S52-2-144-2.pdf|yNo. 144-2 |